00719nam a2200217Ia 4500008004100000020001500041040001800056041000800074100002800082245010800110260006000218300001800278490003400296504002100330650001600351650001800367650002600385700003000411700002700441710003300468130821s2008 ck gr spa  a9589441610 aCo-BoUCMbspa00aspa1 aVarón Pulido, Orminso10aCrisis alimentaria en ColombiacOrminso Varón Pulido, Ricardo Díaz Caballero, José Donado Ucrós aBogotá (Colombia)bUniversidad la Gran Colombiac2008 a205 páginas aEconomía y Administración aIncluye índice04aAgricultura04aExportaciones04aSeguridad alimenticia1 aDíaz Caballero, Ricardo1 aDonado Ucrós, José aUniversidad la Gran Colombia